|
|
|
|
| LEADER |
00000cam a22000004a 4500 |
| 001 |
musev2_53428 |
| 003 |
MdBmJHUP |
| 005 |
20230905045651.0 |
| 006 |
m o d |
| 007 |
cr||||||||nn|n |
| 008 |
111025s2010 sp o 00 0 spa d |
| 010 |
|
|
|z 2011536542
|
| 020 |
|
|
|a 9788436261790
|
| 020 |
|
|
|z 9788436261455
|
| 040 |
|
|
|a MdBmJHUP
|c MdBmJHUP
|
| 043 |
|
|
|a e-sp---
|
| 050 |
0 |
4 |
|a JV8259.M25
|b G88 2010
|
| 100 |
1 |
|
|a Gutierrez Resa, Antonio.
|
| 245 |
1 |
0 |
|a Integración de los inmigrantes a través de los servicios sociales municipales en la comunidad de Madrid. /
|c Antonio Gutierrez Resa, Octavio Uña Juárez.
|
| 250 |
|
|
|a 1. ed.
|
| 264 |
|
1 |
|a Madrid :
|b Universidad Nacional de Educación a Distancia,
|c 2010.
|
| 264 |
|
3 |
|a Baltimore, Md. :
|b Project MUSE,
|c 0000
|
| 264 |
|
4 |
|c ©2010.
|
| 300 |
|
|
|a 1 online resource:
|b ill. col.y n., gráf. ;
|
| 336 |
|
|
|a text
|b txt
|2 rdacontent
|
| 337 |
|
|
|a computer
|b c
|2 rdamedia
|
| 338 |
|
|
|a online resource
|b cr
|2 rdacarrier
|
| 490 |
0 |
|
|a Ciencias jurídicas y sociales / UNED
|
| 504 |
|
|
|a Bibliografía: p. 157-166.
|
| 588 |
|
|
|a Description based on print version record.
|
| 650 |
|
0 |
|a Social integration
|z Spain
|z Madrid (Region)
|
| 650 |
|
0 |
|a Immigrants
|z Spain
|z Madrid (Region)
|x Social conditions.
|
| 651 |
|
0 |
|a Madrid (Spain : Region)
|x Emigration and immigration.
|
| 655 |
|
7 |
|a Electronic books.
|2 local
|
| 700 |
1 |
|
|a Uña Juárez, F. Octavio,
|d 1945-
|
| 710 |
2 |
|
|a Project Muse.
|e distributor
|
| 830 |
|
0 |
|a Book collections on Project MUSE.
|
| 856 |
4 |
0 |
|z Texto completo
|u https://projectmuse.uam.elogim.com/book/53428/
|
| 945 |
|
|
|a Project MUSE - Custom Collection
|